000 00461nam a22001697a 4500
005 20251108164854.0
008 250721s9999 xx 000 0 ara d
082 1 4 _a816.9/ناص
100 1 _aناصيف، إميل
245 1 0 _aأروع ما كتب من الرسائل /
264 1 _aبيروت :
_bدار الجيل،
_c[19-].
300 _a152ص
650 1 7 _aالأدب العربي
650 1 7 _aالرسائل
942 _2ddc
_cBK
999 _c16340
_d16340